书目信息 |
| 题名: |
荣格的浪漫主义
|
|
| 作者: | 艾伦伯格 著 ;杨侃 译 | |
| 分册: | ||
| 出版信息: | 北京 世界图书出版有限公司北京分公司 2024.06 |
|
| 页数: | 197页 | |
| 开本: | 21cm | |
| 丛书名: | “发现无意识之旅”丛书 | |
| 单 册: | ||
| 中图分类: | B84-065 | |
| 科图分类: | ||
| 主题词: | ||
| 电子资源: | ||
| ISBN: | 978-7-5232-0463-4 | |
| 000 | 01230nam0 2200289 450 | |
| 001 | 013040432 | |
| 005 | 20251023090533.40 | |
| 010 | @a978-7-5232-0463-4@dCNY59.00 | |
| 100 | @a20240725d2024 em y0chiy0120 ea | |
| 101 | 1 | @achi@ceng |
| 102 | @aCN@b110000 | |
| 105 | @ay z 000yy | |
| 106 | @ar | |
| 200 | 1 | @a荣格的浪漫主义@9rong ge de lang man zhu yi@f(美)亨利·艾伦伯格(Henri Ellenberger)著@g杨侃译 |
| 210 | @a北京@c世界图书出版有限公司北京分公司@d2024.06 | |
| 215 | @a197页@d21cm | |
| 225 | 1 | @a“发现无意识之旅”丛书@dThe discovery of the unconscious@zeng |
| 300 | @a世图心理 | |
| 330 | @a本书借由有关荣格的珍贵一手资料以及社会建构的医学史观,深入而广泛地探讨了精神动力学的演进。书中的内容涵盖荣格的生平概略、人格剖析、同时代的重要人物、思想源流等,读者可全方位了解荣格其人、其思想、其时代有着重要的价值和意义。 | |
| 461 | 0 | @12001 @a“发现无意识之旅”丛书 |
| 510 | 1 | @aHistory and evolution of dynamic psychiatry@zeng |
| 600 | 0 | @a荣格@c(Jung, Carl Gustav@f1875-1961)@x分析心理学 |
| 690 | @aB84-065@v5 | |
| 701 | 0 | @c(美)@a艾伦伯格@9ai lun bo ge@c(Ellenberger, Henri F.@f1905~1993)@4著 |
| 702 | 0 | @a杨侃@9yang kan@4译 |
| 801 | 0 | @aCN@c20250911 |
| 905 | @a河南城建学院图书馆@dB84-065@eR711/2@ZR711/2@f1 | |
| 荣格的浪漫主义/(美)亨利·艾伦伯格(Henri Ellenberger)著/杨侃译.-北京:世界图书出版有限公司北京分公司,2024.06 |
| 197页;21cm.-(“发现无意识之旅”丛书=The discovery of the unconscious) |
| 世图心理 |
| ISBN 978-7-5232-0463-4:CNY59.00 |
| 本书借由有关荣格的珍贵一手资料以及社会建构的医学史观,深入而广泛地探讨了精神动力学的演进。书中的内容涵盖荣格的生平概略、人格剖析、同时代的重要人物、思想源流等,读者可全方位了解荣格其人、其思想、其时代有着重要的价值和意义。 |
| ● |
| 相关链接 |
|
|
|
正题名:荣格的浪漫主义
索取号:B84-065/R711/2
 
预约/预借
| 序号 | 登录号 | 条形码 | 馆藏地/架位号 | 状态 | 备注 |
| 1 | 1635884 | 216358849 | 社科库509/509社科库 34排4列6层/ [索取号:B84-065/R711/2] | 在馆 |